000 01473cam a2200349 i 4500
001 768714001
003 CO-MdFUSB
005 20230929115540.0
007 ta
008 700427t19741970-us b 001 0 eng
010 _a74096698
020 _a0664208827
040 _aDLC
_bspa
_erda
_cCO-MdFUSB
_dCO-MdFUSBC
041 _aeng
082 0 _223
_a230
_bC537
100 1 _aChilds, Brevard S.,
_eautor
245 0 0 _aBiblical theology in crisis
_c/ Brevard S. Childs.
250 _aTercera impresión
264 1 _aPhiladelphia, Pennsylvania :
_bThe Westminster Press,
_c1974
264 4 _c© 1970
300 _a255 páginas ;
_c22 cm.
336 _atexto
_btxt
_2rdacontent.
337 _asin mediación
_bn
_2rdamedia.
338 _avolumen
_bnc
_2rdacarrier.
505 _aEl comienzo de un movimiento -- Principales elementos del consenso -- Problemas no resueltos -- El agrietamiento de los muros -- La necesidad de una nueva teología bíblica -- La forma de una nueva teología bíblica -- El papel de la teología bíblica en la toma de decisiones -- Recuperación de una tradición exegética -- Salmo 8 en el contexto de el canon cristiano -- La matanza de Moisés en la teología de los dos testamentos -- Proverbios, capítulo 7, y un enfoque bíblico del sexo -- El Dios de Israel y la iglesia.
563 _aPasta dura
653 _aTeologia Biblica
942 _cBK
945 _aJTF-925
999 _c68421
_d68421